|
|
|
|
| LEADER |
00677nab a2200157 i 4500 |
| 001 |
misc15259 |
| 005 |
20191106142338.0 |
| 008 |
170607s1933 hu o 0|| hun d |
| 040 |
|
|
|a SZTE Miscellanea Repozitórium
|b hun
|
| 041 |
|
|
|a hun
|
| 245 |
0 |
2 |
|a A 7000/1925. P. M. számu [!számú] rendelet alapján készített megnyitó mérlegben kimutatott nyugdíjtartalék nem számítható a saját tőkéhez
|h [elektronikus dokumentum]
|
| 260 |
|
|
|c 1933
|
| 300 |
|
|
|a 146-147c
|
| 490 |
0 |
|
|a Polgári jog : a hazai és külföldi magánjog és hiteljog szemléje
|v 9
|
| 695 |
|
|
|a Adózás társasági
|
| 856 |
4 |
0 |
|u http://misc.bibl.u-szeged.hu/15259/1/polgari_jog_1933_146-147c.pdf
|z Dokumentum-elérés
|